El aliento de la memoria : (Registro nro. 116647)

Detalles MARC
000 -LEADER
campo de control de longitud fija 04854nam a2200613 i 4500
001 - NÚMERO DE CONTROL
campo de control 116647
003 - IDENTIFICADOR DE NÚMERO DE CONTROL
campo de control FINmELB
005 - FECHA Y HORA DE LA ÚLTIMA TRANSACCIÓN
campo de control 20241217174816.0
006 - CÓDIGOS DE INFORMACIÓN DE LONGITUD FIJA--CARACTERÍSTICAS DEL MATERIAL ADICIONAL
campo de control de longitud fija m o u
007 - CAMPO FIJO DE DESCRIPCIÓN FÍSICA--INFORMACIÓN GENERAL
campo de control de longitud fija cr cn|||||||||
008 - DATOS DE LONGITUD FIJA--INFORMACIÓN GENERAL
campo de control de longitud fija 201203s2012 ck ab ob 101 0 spa d
020 ## - NÚMERO INTERNACIONAL ESTÁNDAR DEL LIBRO
Número Internacional Estándar del Libro 9789587619683
Información calificativa (e-book)
035 ## - NÚMERO DE CONTROL DEL SISTEMA
Número de control de sistema (OCoLC)1226773445
040 ## - FUENTE DE CATALOGACIÓN
Centro catalogador/agencia de origen FINmELB
Lengua de catalogación spa
Normas de descripción rda
Centro/agencia transcriptor FINmELB
043 ## - CÓDIGO DE ÁREA GEOGRÁFICA
Código de área geográfica sn-----
-- sa-----
050 14 - SIGNATURA TOPOGRÁFICA DE LA BIBLIOTECA DEL CONGRESO
Número de clasificación F2270
Número de ítem .A454 2012
080 ## - NÚMERO DE LA CLASIFICACIÓN DECIMAL UNIVERSAL
Número de la Clasificación Decimal Universal 39
082 04 - NÚMERO DE LA CLASIFICACIÓN DECIMAL DEWEY
Número de clasificación 980.01
Información de edición 23
111 2# - ENTRADA PRINCIPAL--NOMBRE DE CONGRESO/REUNIÓN
Nombre de congreso/reunión o jurisdicción como elemento de entrada Congreso Internacional de Antropología Amazónica "Memoria Amazónica en los Países Andinos" (
Número del congreso/reunión o número de parte o sección 2nd :.
Fecha del congreso o de la firma del tratado 2011 :.
Sede del congreso/Lugar de la reunión Bogotá, Colombia)
245 13 - MENCIÓN DEL TÍTULO
Título El aliento de la memoria :
Resto del título antropología e historia en la Amazonia Andina /
Mención de responsabilidad, etc. François Correa Rubio, Jean-Pierre Chaumeil, Roberto Pineda Camacho, editores.
264 #1 - PRODUCCIÓN, PUBLICACIÓN, DISTRIBUCIÓN, FABRICACIÓN Y COPYRIGHT
Producción, publicación, distribución, fabricación y copyright Bogotá, D.C. :
Nombre del de productor, editor, distribuidor, fabricante Universidad Nacional de Colombia, Sede Amazonia y Sede Bogotá, Facultad de Ciencias Humanas, Departamento de Antropología,
Fecha de producción, publicación, distribución, fabricación o copyright 2012.
300 ## - DESCRIPCIÓN FÍSICA
Extensión 1 recurso en línea (518 páginas) :
Otras características físicas ilustraciones, mapas
336 ## - TIPO DE CONTENIDO
Término de tipo de contenido texto
Código de tipo de contenido txt
Fuente rdacontent/spa
337 ## - TIPO DE MEDIO
Nombre/término del tipo de medio computadora
Código del tipo de medio c
Fuente rdamedia/spa
338 ## - TIPO DE SOPORTE
Nombre/término del tipo de soporte recurso en línea
Código del tipo de soporte cr
Fuente rdacarrier/spa
490 0# - MENCIÓN DE SERIE
Mención de serie Tomo 32 de la Colección "Actes et Mémoires de l'Institut Français d'Études Andines,
Número Internacional Normalizado para Publicaciones Seriadas 1816-1278
504 ## - NOTA DE BIBLIOGRAFÍA, ETC.
Nota de bibliografía, etc. Nota Incluye referencias bibliográficas.
505 0# - NOTA DE CONTENIDO CON FORMATO
Nota de contenido con formato Nuestra historia está escrita en las piedras / Stephen Hugh-Jones -- Historias de diablos, mitos de avispas: acercamiento iconográfico a una unificación regional / Dimitri Karadimas -- La historia de un mito antes de la "historia" acerca de algunas versions yuracaré y chiriguana del mito de los mellizos / Vincent Hirtzel -- Historias de los abuelos, cuerpo y territorio entre los tankmukas y makunas (Amazonia colombiana) / Carlos Eduardo Franky y Dany Mahecha Rubio -- El cachimbo del cocama : una historia sobre alteridad y territorio en el Ucayali shipibo-conibo / Luisa Elvira Belaunde -- Etnicidad, mito e historia en la región amazónica del Vaupés / François Correa Rubio -- Cinco personajes en La vorágine : tipos, mito e historia de la Amazo-orinoquia / Carlos Guillermo Páramo Bonilla -- Pueblos indígenas y expediciones de límites en la Amazonia, siglos XVIII-XX / Carlos Gilberto Zárate Botía -- La violencia y la historia asháninka: de Juan Santos Atahualpa a Sendero Luminoso / Oscar Espinosa -- La construcción de la etnografía del día a día en la frontera amazónica del putumayo ecuatoriano / Patricio Trujillo Montalvo -- El municipio de Puerto Nariño y el resguardo indígena ticoya: historia local e historia oficial / Juan José Vieco Albarracín -- La antropología histórica del Amazonas y "los hombres y mujeres de carne y hueso" / Roberto Pineda Camacho -- Siguiendo el maestro: una evocación de la memoria histórica de la creación de comunidades religiosas en la región amazónica / Sonia Uruburu Gilède -- Historia indígena, autoría y sexo: la obra inédita de Gabriel Gentil / Oscar Calavia Sèz -- El hombre que sabía demasiado: la singular trayectoria de Alberto Proaño / Jean-Pierre Chaumeil -- Canasto de vida y canasto de las tinieblas: memoria indígena del tiempo del caucho / Juan Álvaro Echeverri.
588 ## - NOTA DE FUENTE DE LA DESCRIPCIÓN
Nota de fuente de la descripción Descripción basada en metadatos suministrados por el editor y otras fuentes.
590 ## - NOTA LOCAL (RLIN)
Nota local Recurso electrónico. Santa Fe, Arg.: elibro, 2020. Disponible vía World Wide Web. El acceso puede estar limitado para las bibliotecas afiliadas a elibro.
650 #0 - PUNTO DE ACCESO ADICIONAL DE MATERIA--TÉRMINO DE MATERIA
Término de materia o nombre geográfico como elemento de entrada Indians of South America
Subdivisión geográfica Colombia
Subdivisión general History
Subdivisión de forma Congresses.
650 #0 - PUNTO DE ACCESO ADICIONAL DE MATERIA--TÉRMINO DE MATERIA
Término de materia o nombre geográfico como elemento de entrada Indians of South America
Subdivisión geográfica Amazon River Region
Subdivisión general History
Subdivisión de forma Congresses.
650 #0 - PUNTO DE ACCESO ADICIONAL DE MATERIA--TÉRMINO DE MATERIA
Término de materia o nombre geográfico como elemento de entrada Indians of South America
Subdivisión geográfica Andes (Región)
Subdivisión general History
Subdivisión de forma Congresses.
650 #0 - PUNTO DE ACCESO ADICIONAL DE MATERIA--TÉRMINO DE MATERIA
Término de materia o nombre geográfico como elemento de entrada Ethnohistory
Subdivisión geográfica Colombia
Subdivisión de forma Congresses.
650 #0 - PUNTO DE ACCESO ADICIONAL DE MATERIA--TÉRMINO DE MATERIA
Término de materia o nombre geográfico como elemento de entrada Ethnohistory
Subdivisión geográfica Amazon River Region
Subdivisión de forma Congresses.
650 #0 - PUNTO DE ACCESO ADICIONAL DE MATERIA--TÉRMINO DE MATERIA
Término de materia o nombre geográfico como elemento de entrada Ethnohistory
Subdivisión geográfica Andes (Región)
Subdivisión de forma Congresses.
650 #0 - PUNTO DE ACCESO ADICIONAL DE MATERIA--TÉRMINO DE MATERIA
Término de materia o nombre geográfico como elemento de entrada Anthropology and history
Subdivisión de forma Congresses.
650 #4 - PUNTO DE ACCESO ADICIONAL DE MATERIA--TÉRMINO DE MATERIA
Término de materia o nombre geográfico como elemento de entrada Indios de América del Sur
Subdivisión geográfica Colombia
Subdivisión general Historia
Subdivisión de forma Congresos.
650 #4 - PUNTO DE ACCESO ADICIONAL DE MATERIA--TÉRMINO DE MATERIA
Término de materia o nombre geográfico como elemento de entrada Indios de América del Sur
Subdivisión geográfica Región del río Amazonas
Subdivisión general Historia
Subdivisión de forma Congresos.
650 #4 - PUNTO DE ACCESO ADICIONAL DE MATERIA--TÉRMINO DE MATERIA
Término de materia o nombre geográfico como elemento de entrada Indios de América del Sur
Subdivisión geográfica Región de los Andes
Subdivisión general Historia
Subdivisión de forma Congresos.
650 #4 - PUNTO DE ACCESO ADICIONAL DE MATERIA--TÉRMINO DE MATERIA
Término de materia o nombre geográfico como elemento de entrada Etnohistoria
Subdivisión geográfica Colombia
Subdivisión de forma Congresos.
650 #4 - PUNTO DE ACCESO ADICIONAL DE MATERIA--TÉRMINO DE MATERIA
Término de materia o nombre geográfico como elemento de entrada Etnohistoria
Subdivisión geográfica Región del Río Amazonas
Subdivisión de forma Congresos.
650 #4 - PUNTO DE ACCESO ADICIONAL DE MATERIA--TÉRMINO DE MATERIA
Término de materia o nombre geográfico como elemento de entrada Etnohistoria
Subdivisión geográfica Región de los Andes
Subdivisión de forma Congresos.
650 #4 - PUNTO DE ACCESO ADICIONAL DE MATERIA--TÉRMINO DE MATERIA
Término de materia o nombre geográfico como elemento de entrada Antropología e historia
Subdivisión de forma Congresos.
655 #4 - TERMINO DE INDIZACIÓN--GENERO/FORMA
Datos o término principal de género/forma Libros electrónicos.
700 1# - ENTRADA AGREGADA--NOMBRE PERSONAL
Nombre de persona Correa Rubio, François,
Fechas asociadas al nombre 1951-
Término indicativo de función/relación editor.
700 1# - ENTRADA AGREGADA--NOMBRE PERSONAL
Nombre de persona Chaumeil, Jean-Pierre,
Término indicativo de función/relación editor.
700 1# - ENTRADA AGREGADA--NOMBRE PERSONAL
Nombre de persona Pineda Camacho, Roberto,
Término indicativo de función/relación editor.
797 2# - PUNTO DE ACCESO ADICIONAL LOCAL--NOMBRE DE ENTIDAD CORPORATIVA (RLIN)
Nombre de entidad corporativa o nombre de jurisdicción como elemento de entrada elibro, Corp.
856 40 - LOCALIZACIÓN Y ACCESO ELECTRÓNICOS
Identificador Uniforme de Recurso <a href="https://elibro.net/ereader/politecnicointernacional/128953">https://elibro.net/ereader/politecnicointernacional/128953</a>

No hay ítems disponibles.


Politécnico Internacional

Institución de Educación Superior
Vigilado Mineducación.
SNES 4727 +4135 DEL 11 de nov. de 2004

Sedes

Sede Norte - Av. Boyacá 138 - 70

Sede Sur - Autopista Sur No 67 - 71

Sede Av Chile - Calle 73 Nº 10-45

Información Legal

Derechos Pecuniarios | Habeas Data | Reglamento Biblioteca


Compartir

YouTube | Twitter | Facebook | LinkedIn


Comunícate con nosotros:

Admisiones: 60-1-7950000
Atención al cliente: 60-1-4005700